Tourism and Demography / (Record no. 22260)
[ view plain ]
| 000 -LEADER | |
|---|---|
| fixed length control field | 02251nam a2200229 a 4500 |
| 003 - CONTROL NUMBER IDENTIFIER | |
| control field | SISC |
| 005 - DATE AND TIME OF LATEST TRANSACTION | |
| control field | 20160601162301.0 |
| 008 - FIXED-LENGTH DATA ELEMENTS--GENERAL INFORMATION | |
| fixed length control field | 120927s19uu xx 00 eng d |
| 020 ## - INTERNATIONAL STANDARD BOOK NUMBER | |
| International Standard Book Number | 9781906884154 |
| 050 ## - LIBRARY OF CONGRESS CALL NUMBER | |
| Classification number | G 155.A1 |
| Item number | .T646 2011 |
| 245 ## - TITLE STATEMENT | |
| Title | Tourism and Demography / |
| Statement of responsibility, etc | edited by Ian Yeoman, Cathy H.C. Hsu, Karen Smith, Sandra Watson. |
| 260 ## - PUBLICATION, DISTRIBUTION, ETC. (IMPRINT) | |
| Place of publication, distribution, etc | Oxford, UK : |
| Name of publisher, distributor, etc | Goodfellow, |
| Date of publication, distribution, etc | 2011. |
| 300 ## - PHYSICAL DESCRIPTION | |
| Extent | 239 pages ; |
| Dimensions | 25 cm. |
| 520 ## - SUMMARY, ETC. | |
| Summary, etc | Demography is the most important external factor that will shape the future of the tourism. Current demographic trends will change the demand for tourism and the available workforces, which will fundamentally impact on how the industries are structured, how they operate, and how they develop in a sustainable manner. The tourism industry has to know how, why, when and what will occur, the consequences for the industry, and the strategies that need to be put in place now to combat this change. Tourism and Demography sets out answer these questions through a collection of informed expert opinions about demography trends and how they will shape the future of the tourism industry. Written by a team of international and well respected practitioners and academics, it explores the trends and their implication in a variety of tourism contexts, addressing issues such as: population growth, declining fertility rates, increased longevity, and immigration and labour migration; Generation Y in the context of Travel Futures, Volunteer tourism and global citizenship; International contexts and the need for change strategies; such as Arizona and US Tourism, Asian tourism and Micronesian islands. While demographic change occurs slowly, it shapes workforce structure, levels of disposal income, retirement, and motivational drivers of different cohorts, health, activity, what we consume and more. This book is vital for all students, academics, operators and researchers to further understand of the phenomena of demography and tourism, the changes that will occur and the strategies that need to be adopted. |
| 650 ## - SUBJECT ADDED ENTRY--TOPICAL TERM | |
| Topical term or geographic name as entry element | Tourism |
| General subdivision | Forecasting |
| 650 ## - SUBJECT ADDED ENTRY--TOPICAL TERM | |
| Topical term or geographic name as entry element | Demography |
| 700 ## - ADDED ENTRY--PERSONAL NAME | |
| Personal name | Hsu, Cathy H. C. |
| 700 ## - ADDED ENTRY--PERSONAL NAME | |
| Personal name | Smith, Karen |
| 700 ## - ADDED ENTRY--PERSONAL NAME | |
| Personal name | Watson, Sandra |
| 942 ## - ADDED ENTRY ELEMENTS (KOHA) | |
| Koha item type | Books |
| Source of classification or shelving scheme | Library of Congress Classification |
| Call number prefix | Foreign |
| Withdrawn status | Lost status | Source of classification or shelving scheme | Damaged status | Home library | Current library | Shelving location | Date acquired | Source of acquisition | Cost, normal purchase price | Total Checkouts | Full call number | Barcode | Date last seen | Copy number | Price effective from | Koha item type |
|---|---|---|---|---|---|---|---|---|---|---|---|---|---|---|---|---|
| Library of Congress Classification | College Library | College Library | General Circulation Section | 09/27/2012 | Donation | 6312.00 | G 155.A1 .T646 2011 | C16149 | 05/15/2018 | 1 | 10/10/2013 | Books |